00498nam a2200097Ia 4500008004100000100002300041245017300064260006400237650001500301856008400316160712s9999 xx 000 0 und d aMaclntyre, Ernest. cErnest MacIntyreaFrom colonial Burgher community to Sinhala Buddhist polity. Interpreting writer identity: Michael Ondaatje’s Running in the Family to Anil’s Ghost c2015bJournal of English Studies and Comparative Literature xLITERATURE uhttp://journals.upd.edu.ph/index.php/jescl/issue/view/Special%20Edition/showToc